Internal medicine and the structures of modern medical science : (Record no. 823)

000 -LEADER
fixed length control field 01549nam a22003977a 4500
001 - CONTROL NUMBER
control field 4925636
003 - CONTROL NUMBER IDENTIFIER
control field OSt
005 - DATE AND TIME OF LATEST TRANSACTION
control field 20210422063258.0
008 - FIXED-LENGTH DATA ELEMENTS--GENERAL INFORMATION
fixed length control field 951130s1996 iaua b 001 0 eng c
010 ## - LIBRARY OF CONGRESS CONTROL NUMBER
LC control number 95026592
020 ## - INTERNATIONAL STANDARD BOOK NUMBER
International Standard Book Number 0813823323 (alk. paper)
040 ## - CATALOGING SOURCE
Original cataloging agency DNLM/DLC
Transcribing agency DLC
Modifying agency eng
Language of cataloging eng
041 ## - LANGUAGE CODE
Language code of text/sound track or separate title eng
043 ## - GEOGRAPHIC AREA CODE
Geographic area code n-us-ia
050 00 - LIBRARY OF CONGRESS CALL NUMBER
Classification number R747.U683375
Item number A53 1996
060 10 - NATIONAL LIBRARY OF MEDICINE CALL NUMBER
Classification number WZ 70 AI8 A5i 1996
080 ## - UNIVERSAL DECIMAL CLASSIFICATION NUMBER
Universal Decimal Classification number 61 (09)
Item number A-54
082 00 - DEWEY DECIMAL CLASSIFICATION NUMBER
Classification number 616/.009777/655
Edition number 20
100 1# - MAIN ENTRY--PERSONAL NAME
Personal name Anderson, Lee.
245 10 - TITLE STATEMENT
Title Internal medicine and the structures of modern medical science :
Remainder of title the University of Iowa, 1870-1990 /
Statement of responsibility, etc. / by: Iowa State University Press
250 ## - EDITION STATEMENT
Edition statement 1st edition
260 ## - PUBLICATION, DISTRIBUTION, ETC.
Place of publication, distribution, etc. Ames :
Name of publisher, distributor, etc. Iowa State University Press,
Date of publication, distribution, etc. c1996.
300 ## - PHYSICAL DESCRIPTION
Extent xxix, 326 p. :
Other physical details ill. ;
Dimensions 24 cm.
504 ## - BIBLIOGRAPHY, ETC. NOTE
Bibliography, etc. note Includes bibliographical references (p. 263-295) and index.
610 20 - SUBJECT ADDED ENTRY--CORPORATE NAME
Corporate name or jurisdiction name as entry element University of Iowa.
Subordinate unit Department of Internal Medicine
General subdivision History.
610 22 - SUBJECT ADDED ENTRY--CORPORATE NAME
Corporate name or jurisdiction name as entry element University of Iowa.
Subordinate unit Dept. of Internal Medicine.
650 12 - SUBJECT ADDED ENTRY--TOPICAL TERM
Topical term or geographic name entry element Internal Medicine
General subdivision history
Geographic subdivision Iowa.
650 22 - SUBJECT ADDED ENTRY--TOPICAL TERM
Topical term or geographic name entry element Education, Medical
General subdivision history
Geographic subdivision Iowa.
650 20 - SUBJECT ADDED ENTRY--TOPICAL TERM
Topical term or geographic name entry element History of Medicine
9 (RLIN) 335
653 ## - INDEX TERM--UNCONTROLLED
Uncontrolled term მედიცინის ისტორია
653 ## - INDEX TERM--UNCONTROLLED
Uncontrolled term შინაგანი მედიცინა
653 ## - INDEX TERM--UNCONTROLLED
Uncontrolled term სამედიცინო განათლება
906 ## - LOCAL DATA ELEMENT F, LDF (RLIN)
a 7
b cbu
c orignew
d 1
e ocip
f 19
g y-gencatlg
942 ## - ADDED ENTRY ELEMENTS (KOHA)
Source of classification or shelving scheme
Koha item type Books
Edition 1
Holdings
Withdrawn status Lost status Source of classification or shelving scheme Damaged status Not for loan Permanent location Current location Date acquired Inventory number Total Checkouts Full call number Barcode Date last seen Price effective from Koha item type
          Ken Walker International University Ken Walker International University 12/28/2020 2329   61 (09) A-54 2329 12/28/2020 12/28/2020 Books

Powered by Koha